Mikes Törökországi Leveleinek forrásaihoz
Elmentve itt :
| Szerző: | |
|---|---|
| Dokumentumtípus: | Cikk |
| Megjelent: |
1937
|
| Sorozat: | Széphalom
9 |
| Kulcsszavak: | Mikes Kelemen, Irodalomtudomány |
| Online Access: | http://acta.bibl.u-szeged.hu/20802 |
| LEADER | 00579nab a2200169 i 4500 | ||
|---|---|---|---|
| 001 | acta20802 | ||
| 005 | 20210722144930.0 | ||
| 008 | 161015s1937 hu o 0|| hun d | ||
| 040 | |a SZTE Egyetemi Kiadványok Repozitórium |b hun | ||
| 041 | |a hun | ||
| 100 | 1 | |a Madácsy László | |
| 245 | 1 | 0 | |a Mikes Törökországi Leveleinek forrásaihoz |h [elektronikus dokumentum] / |c Madácsy László |
| 260 | |c 1937 | ||
| 300 | |a 33-70 | ||
| 490 | 0 | |a Széphalom |v 9 | |
| 695 | |a Mikes Kelemen, Irodalomtudomány | ||
| 856 | 4 | 0 | |u http://acta.bibl.u-szeged.hu/20802/1/szephalom_009_033-070.pdf |z Dokumentum-elérés |